000 00528nam a22001697a 4500
003 OSt
005 20120302145222.0
008 090425t xxu||||| |||| 00| 0 eng d
035 _a३१४९
040 _cमराठी
100 _aभोळे, भास्कर लक्ष्मण
_94070
245 _aराजकीय भारतः १९६७ - १९७७
250 _a१ ली
260 _aनागपूर
_bअमेय
_c१९७८
300 _b१७८ पाने
942 _2ddc
_cBOOK
999 _c489230
_d489227